000 00459nam a2200181Ia 4500
005 20250326130009.0
008 250326s9999 xx 000 0 und d
037 _aTextbook
040 _aFMSL
_beng
_cFMSL
041 _aeng
_2eng
084 _aX:8 N8
_qFMSL
100 _aLock D L
_9739999
245 0 _aManagement
_cLock D L
260 _aLondon
_bLondon, Pergamon
_c1968
300 _a24p
942 _cTB
_hX:8 N8
999 _c1280495
_d1280495